Statistiques concernant Personnages de fiction en images - Z

Cliquez ici pour prendre le quiz!

Statistiques générales

  • Ce quiz a été pris 14 003 fois
    (12 166 depuis la dernière actualisation)
  • Le résultat moyen est 7 sur 16

Statistiques - réponses

Réponse% Correct
Zorro
99%
Zeus
95%
Zelda
85%
Zizie
76%
Zazu
55%
Zigzag
49%
Zurg
38%
Zombie
29%
Zébulon
26%
Zephyr
25%
Zygarde
25%
Zuko
23%
Ziggy Stardust
20%
Zaza Napoli
19%
Zangief
14%
Zero
13%

Distribution des résultats

Percentile par nombre de réponses

% des personnes avec chaque résultat

Votre développement - résultats

Vous n’avez pas pris ce quiz depuis la dernière actualisation